000
00318 a2200109 4500
001
ART_46800
005
20260410162000.0
008
260409a
245
1
0
_a
¿Por qué sobrevivirá el EURO?
100
1
_a
Bergsten, Fred
773
0
_t
Archivos del presente
_g
- Año 16, Nº 59 (jun. 2012)
_w
REV28180
999
_c
31185
_d
31185